<?xml version="1.0" encoding="UTF-8"?>
<record
    xmlns:xsi="http://www.w3.org/2001/XMLSchema-instance"
    xsi:schemaLocation="http://www.loc.gov/MARC21/slim http://www.loc.gov/standards/marcxml/schema/MARC21slim.xsd"
    xmlns="http://www.loc.gov/MARC21/slim">

  <leader>00481nam a22001697a 4500</leader>
  <controlfield tag="008">230707b        |||||||| |||| 00| 0 eng d</controlfield>
  <datafield tag="040" ind1=" " ind2=" ">
    <subfield code="a">National Science Library</subfield>
    <subfield code="c">National Science Library</subfield>
  </datafield>
  <datafield tag="080" ind1=" " ind2=" ">
    <subfield code="a">629.19=914.3</subfield>
    <subfield code="b">J8</subfield>
  </datafield>
  <datafield tag="100" ind1=" " ind2=" ">
    <subfield code="a">Ley, Wily</subfield>
  </datafield>
  <datafield tag="245" ind1=" " ind2=" ">
    <subfield code="a"> &#x930;&#x949;&#x915;&#x947;&#x91F; &#x915;&#x940; &#x915;&#x939;&#x93E;&#x928;&#x940;</subfield>
  </datafield>
  <datafield tag="246" ind1=" " ind2=" ">
    <subfield code="a">Rocket ki kahani </subfield>
  </datafield>
  <datafield tag="260" ind1=" " ind2=" ">
    <subfield code="a">Chicago: </subfield>
    <subfield code="b">Colombia Features Inc.,</subfield>
    <subfield code="c">1956</subfield>
  </datafield>
  <datafield tag="300" ind1=" " ind2=" ">
    <subfield code="a">146p. </subfield>
  </datafield>
  <datafield tag="650" ind1=" " ind2=" ">
    <subfield code="a">Science </subfield>
  </datafield>
  <datafield tag="653" ind1=" " ind2=" ">
    <subfield code="a">Astronomy </subfield>
  </datafield>
  <datafield tag="942" ind1=" " ind2=" ">
    <subfield code="2">udc</subfield>
    <subfield code="c">HBK</subfield>
  </datafield>
  <datafield tag="999" ind1=" " ind2=" ">
    <subfield code="c">50739</subfield>
    <subfield code="d">50739</subfield>
  </datafield>
  <datafield tag="952" ind1=" " ind2=" ">
    <subfield code="0">0</subfield>
    <subfield code="1">0</subfield>
    <subfield code="2">udc</subfield>
    <subfield code="4">0</subfield>
    <subfield code="6">629199143_J8</subfield>
    <subfield code="7">0</subfield>
    <subfield code="9">79798</subfield>
    <subfield code="a">NSL</subfield>
    <subfield code="b">NSL</subfield>
    <subfield code="c">GF/Rk-2/C-5/R-3</subfield>
    <subfield code="d">1965-03-12</subfield>
    <subfield code="l">0</subfield>
    <subfield code="o">629.19=914.3 J8</subfield>
    <subfield code="p">11508</subfield>
    <subfield code="r">2023-07-07 00:00:00</subfield>
    <subfield code="w">1965-03-12</subfield>
    <subfield code="y">HBK</subfield>
  </datafield>
</record>
